00899cam a22002291 4500008004100000060002100041100002300062245022700085250001100312260004300323300003000366440003300396504004100429650002200470650002400492700003500516710005700551710003400608003000100642005001700643040000900660 00aQK 45bJ54p 19661 aJensen, William A.10aPlant biology today :badvances & challenges, from symposia sponsored by the American Association for the Advancement of Science and the Botanical Society of America /cEdited by William A. Jensen [and] Leroy G. Kavaljian. a2d ed. aBelmont :bWadsworth Pub. Co.,c[1966] ax, 208 p.billus.c23 cm. 4aThe Wadsworth botany series. aIncludes bibliographical references. 0aPlant physiology. 2aBotanyvcongresses.1 aKavaljian, Leroy G.ejoint ed.2 aAmerican Association for the Advancement of Science.2 aBotanical Society of America.20230123133838.0 cNUST